000 00872cam a2200217 4500
001 WB3833-14
008 020910n2002 000 0 eng u
035 _a(Sirsi) u119645
245 _aDeprivation needs new definition
260 _c2002
490 _aUrban Environment Today
_v5 September 2002, 4 (1)
520 _a"Poor measures", a new report by the Social Market Foundation asserts that England's indices of local deprivation are flawed and need to be revised using a basic household costs approach. The indices are a key tool in identifying where renewal funds are directed. Executive summary of the report is available at http://www.smf.co.uk/poor_measures.html
590 _aWB
650 _aDEPRIVATION
650 _aBASIC HOUSEHOLD COSTS
650 _aURBAN RENEWAL
650 _aRENEWAL
650 _aPOVERTY
690 _aHOUSING
942 _n0
999 _c71122
_d71122